Регионална библиотека "Любен Каравелов" - Русе

И. Е. Петров (Запис номер 187748)

MARC детайли
000 -Лидер
Контролно поле с фиксирана дължина 01718nam a2200373 c 4500
003 - Код на организацията, давaща контролен номер
Контролно поле BLK
005 - Дата и час на последна редакция
Контролно поле 20190719145551.0
008 - Елементи от данни с фиксирана дължина
fixed length control field 180411b bul|||||r ||||||| ||bul||
010 ## - Наследен системен номер
LC control number KNG00196765000
040 ## - Източник на каталожния запис
Идентификатор на билиотеката - собственик на записа BLK
041 ## - Код за език
Код за езика на текст/звукозапис или на отделно заглавие Български
Код за езика КДБФ Български
080 ## - УДК
Текстов определител УДК Военна история - Военни походи, битки, героични подвизи. Вж и 93/99
УДК код - определител по УДК 355.48
УДК определител (47+57)(092)
УДК - код + определител 355.48(47+57)(092)
080 ## - УДК
Текстов определител УДК Руска литература
УДК код - определител по УДК 821.161.1
УДК определител -32
УДК - код + определител 821.161.1-32
080 ## - УДК
Текстов определител УДК Съветски военачалник
УДК код - определител по УДК 929 Петров, Иван Ефимович
УДК определител
УДК - код + определител 929 Петров, Иван Ефимович
100 1# - Редна дума - Автор
Автор Карпов, Владимир Василиевич
Авторска отговорност първи автор
R(LIN) 311755
139 ## - Редно поле
Редна дума Карпов, Владимир Василиевич
Авторски знак Карп - К 43
245 10 - Сведения за заглавието
Заглавие И. Е. Петров
Подзаглавни данни Докум. повест
Редно поле (дума) Владимир Василиевич Карпов; прев. от рус. Нина Ракева.
257 ## - Страна на издаване
Страна на създаване/издаване СССР
260 ## - Област на издателските данни
-- София
Име на издателя, разпространителя и проч. Воен. изд.
Година на издаване 1987
300 ## - Физическа характеристика
Страници 640 с.
Размери/Мащаб 21 см
380 ## - Жанр
Жанр Обществени науки
490 1# - СЕРИИ (Колекции)
Име на серия Пълководци
500 ## - Общи забележки
Забележка Ориг. загл. Полководец / Владимир Василевич Карпов. - Без тир.
600 14 - Име на лице, използвано като предмет
За него / За нея Петров, Иван Ефимович
9 (RLIN) 344417
650 #4 - Допълнително описание по предмет – тема
Основно описание – тема или топоним Пълководци и генерали, руски
9 (RLIN) 247285
653 ## - Ключова дума – ненормативна
Ключова дума пълководци
653 ## - Ключова дума – ненормативна
Ключова дума генерали
700 1# - Други автори (авторска отговорност)
Лично име Ракева, Нина
Автороска отговорност (Описва отношението между автора и произведението) прев. от рус.
9 (RLIN) 114944
852 ## - Местоположение
Форматна сигнатура Цб 149366
856 4# - Електронен адрес и достъп
Електронен формат pdf - файл
Път до файла /url/
856 4# - Електронен адрес и достъп
Електронен формат pdf - файл
Път до файла /url/
942 ## - АРТИКУЛИ
Вид на библиотечния материал Книги
Скрит в OPAC Не
Koha issues (borrowed), all copies 1
944 ## - СЪЗДАВАНЕ И РЕДАКЦИЯ на ЗАПИСА
Създаване/Редакция Създаване
Дата на регистрацията/редакция 24.11.2016
Служител, извършил регистрацията/редакцията Радостина_Карадакова
944 ## - СЪЗДАВАНЕ И РЕДАКЦИЯ на ЗАПИСА
Създаване/Редакция Редакция
Дата на регистрацията/редакция 24.11.2016
Служител, извършил регистрацията/редакцията Радостина_Карадакова
999 ## - СИСТЕМНИ КОНТРОЛНИ НОМЕРА
Koha biblionumber 187748
Koha biblioitemnumber 187748
Наличности
Код за отписване Код за изгубен артикул Източник на класификационната схема Код за повреда Коз за рестрикции Код за отдаване Артикулен № Име на библиотеката - собственик Име на библиотеката, в която се намира в момента Статус (Текущо местоположение) Дата на вписване в системата Местоположение - отдел Цена в лева Инвентарен номер Систематично азбучна сигнатура Баркод Номер на екземпляра Цена в евро Служебна бележка Служебен тип на артикула
  Не е изгубен Universal Decimal Classification Не е повреден без рестрикции ползва се в читалня 328170 Регионална библиотека "Любен Каравелов" Русе Регионална библиотека "Любен Каравелов" Русе Хранилище 1987-01-01 Хранилище 4.42 482112 Цб 149366 120000482112 1 2.26 N: стар фонд Дата: 01.01.1987 Книги
Изтеглен Не е изгубен Universal Decimal Classification Не е повреден без рестрикции заемане за дома 328171 Регионална библиотека "Любен Каравелов" Русе Регионална библиотека "Любен Каравелов" Русе Заемна - подръчен фонд 1987-01-01 Заемна - подръчен фонд 4.42 484132 П 355.48/К 43 484132 2 2.26 N: стар фонд Дата: 01.01.1987 Дата инв: 07.02.2018 Бележки инв: П2018 Книги
Изтеглен Не е изгубен Universal Decimal Classification Не е повреден без рестрикции заемане за дома 328172 Регионална библиотека "Любен Каравелов" Русе Регионална библиотека "Любен Каравелов" Русе Заемна - подръчен фонд 1987-01-01 Заемна - подръчен фонд 4.42 484134 П 355.48/К 43 484134 3 2.26 N: стар фонд Дата: 01.01.1987 Книги
Изтеглен Не е изгубен Universal Decimal Classification Не е повреден без рестрикции заемане за дома 328173 Регионална библиотека "Любен Каравелов" Русе Регионална библиотека "Любен Каравелов" Русе Заемна - подръчен фонд 1987-01-01 Заемна - подръчен фонд 4.42 484135 П 355.48/К 43 484135 4 2.26 N: стар фонд Дата: 01.01.1987 Книги
Изтеглен Не е изгубен Universal Decimal Classification Не е повреден без рестрикции заемане за дома 328174 Регионална библиотека "Любен Каравелов" Русе Регионална библиотека "Любен Каравелов" Русе Заемна - подръчен фонд 1987-01-01 Заемна - подръчен фонд 4.42 484136 П 355.48/К 43 484136 5 2.26 N: стар фонд Дата: 01.01.1987 Книги
Vip Innovations Ltd, Rousse, Bulgaria 2025